header

Consumption, culture and consumer life-choices in Australia (Record no. 182783)

MARC details
000 -LEADER
fixed length control field 01135nam a2200277Ia 4500
245 00 - TITLE STATEMENT
Title Consumption, culture and consumer life-choices in Australia
260 ## - PUBLICATION, DISTRIBUTION, ETC. (IMPRINT)
Place of publication Bradford, England :
Name of publisher Emerald Group Publishing,
Year of publication c2006.
300 ## - PHYSICAL DESCRIPTION
Number of Pages 89 p.
490 0# - SERIES STATEMENT
Series statement Qualitative Market Research, an International Journal ;
650 #0 - SUBJECT ADDED ENTRY--TOPICAL TERM
Topical Term Consumption (Economics)
Topical Term Marketing research.
700 1# - ADDED ENTRY--PERSONAL NAME
Personal name Henry, Paul.
856 40 - ELECTRONIC LOCATION AND ACCESS
Uniform Resource Identifier http://site.ebrary.com/lib/rucke/Doc?id=10132663

No items available.

© 2026 Rongo University
Contact us: librarian | system librarian | Rongo university